000 00593nam a2200229Ia 4500
003 OSt
005 20220928123919.0
006 a|||||r|||| 00| 0
007 ta
008 220927b |||||||| |||| 00| 0 eng d
024 _a33403
037 _cTextual
040 _aSDCL
_cSDCL
_beng
041 _2eng
_aeng
082 _aV2:1943,(Y)'D, L9
100 _aMajumdar R C
245 0 _aIndia and South East Asia
260 _aDelhi
_bB R Publishing
_c1979
300 _axv,218p
_ccm.
942 _hV2:1943,(Y)'D, L9
_cTEXL
_2CC
999 _c775197
_d775197